[Event "Sofia MGU op 37th"]
[Site "Sofia"]
[Date "2011.09.04"]
[Round "4"]
[White "Nikolov, Orlin"]
[Black "Kolev, Nikolay"]
[Result "1-0"]
[WhiteElo "1855"]
[BlackElo "2073"]
[PlyCount "98"]
[EventDate "2011.08.06"]
[EventType "swiss"]
[EventRounds "6"]
[EventCountry "BUL"]
[SourceTitle "CBM 143 Extra"]
[Source "ChessBase"]
[SourceDate "2011.08.29"]
[SourceVersion "1"]
[SourceVersionDate "2011.08.29"]
[SourceQuality "1"]

1. e4 c5 2. Nf3 Nc6 3. d4 cxd4 4. c3 dxc3 5. Nxc3 d6 6. Bc4 e6 7. 0-0 Nge7 8. Qe2 a6 9. a4 Ng6 10. Be3 Be7 11. Nd4 Nge5 12. Bb3 0-0 13. f4 Nxd4 14. Bxd4 Nc6 15. Be3 Qc7 16. f5 Bf6 17. Rac1 Nd4 18. Bxd4 Bxd4+ 19. Kh1 Qe7 20. a5 Bd7 21. Qd3 Bxc3 22. Rxc3 Rac8 23. Bc4 Rc5 24. f6 gxf6 25. Qg3+ Kh8 26. Qh4 Rg8 27. b4 Rcg5 28. Rh3 R8g7 29. Rf2 Rg4 30. Qh6 Rxe4 31. Bf1 f5 32. Qd2 e5 33. Rd3 Rg6 34. Rc3 Bc6 35. Bxa6 Rd4 36. Qc2 Be4 37. Bd3 Bxd3 38. Rxd3 Rxb4 39. Rd1 Rbg4 40. Qc8+ Kg7 41. Qxf5 Rf4 42. Rxf4 exf4 43. Qxf4 Qe5 44. Qb4 Re6 45. Rf1 Qe2 46. Qf4 f6 47. h3 d5 48. Qg3+ Kf7 49. Rc1 Re7 1-0

[Event "Sofia MGU op 37th"]
[Site "Sofia"]
[Date "2011.09.04"]
[Round "5"]
[White "Nikolov, Orlin"]
[Black "Popov, Ilian"]
[Result "0-1"]
[WhiteElo "1855"]
[BlackElo "2206"]
[PlyCount "48"]
[EventDate "2011.08.06"]
[EventType "swiss"]
[EventRounds "6"]
[EventCountry "BUL"]
[SourceTitle "CBM 143 Extra"]
[Source "ChessBase"]
[SourceDate "2011.08.29"]
[SourceVersion "1"]
[SourceVersionDate "2011.08.29"]
[SourceQuality "1"]

1. e4 c5 2. d4 cxd4 3. c3 d3 4. c4 d6 5. Nf3 Nc6 6. Bxd3 Nf6 7. Nc3 g6 8. h3 Bg7 9. 0-0 0-0 10. Be3 Kh8 11. Rc1 Ng8 12. Bb1 f5 13. exf5 gxf5 14. Nd5 Bxb2 15. Bg5 Nf6 16. Rc2 Ba1 17. Re2 Be5 18. Nxe5 dxe5 19. Rd2 Qa5 20. Re1 Qc5 21. g4 fxg4 22. Qc2 Rf7 23. Qc3 Nxd5 24. Qd3 Nf6 0-1

[Event "Sofia MGU op 37th"]
[Site "Sofia"]
[Date "2011.09.04"]
[Round "6"]
[White "Stoev, Tsvetoslav"]
[Black "Nikolov, Orlin"]
[Result "0-1"]
[WhiteElo "1695"]
[BlackElo "1855"]
[PlyCount "98"]
[EventDate "2011.08.06"]
[EventType "swiss"]
[EventRounds "6"]
[EventCountry "BUL"]
[SourceTitle "CBM 143 Extra"]
[Source "ChessBase"]
[SourceDate "2011.08.29"]
[SourceVersion "1"]
[SourceVersionDate "2011.08.29"]
[SourceQuality "1"]

1. e4 e5 2. Nf3 Nc6 3. Bb5 a6 4. Ba4 Nf6 5. 0-0 Be7 6. Re1 b5 7. Bb3 0-0 8. h3 d5 9. exd5 Nxd5 10. Nxe5 Nxe5 11. Rxe5 Nf4 12. d4 Ng6 13. Re1 Bb7 14. Nc3 Nh4 15. d5 Bd6 16. Qg4 Ng6 17. Bg5 f6 18. Be3 f5 19. Qd1 f4 20. Bd4 f3 21. Ne4 Nh4 22. g3 h6 23. Nxd6 cxd6 24. Kh2 Bc8 25. Re4 Ng6 26. Re3 Qd7 27. g4 Qf7 28. Re6 Bxe6 29. dxe6 Qe7 30. Bd5 Rab8 31. Bxf3 Qxe6 32. Qe2 Qxe2 33. Bxe2 Ne5 34. f4 Rxf4 35. Be3 Rff8 36. Rd1 Rbc8 37. c3 Nc4 38. Bg1 Rfe8 39. Bf3 Rcd8 40. Bb7 Re2+ 41. Kg3 Rxb2 42. Bxa6 d5 43. a4 Na3 44. Ra1 Nc2 45. Rd1 bxa4 46. Bc4 dxc4 47. Rxd8+ Kf7 48. Bc5 a3 49. Bxa3 Nxa3 0-1

[Event "Sofia MGU op 33rd"]
[Site "Sofia"]
[Date "2011.06.12"]
[Round "4"]
[White "Nikolov, Orlin"]
[Black "Stanchev, Plamen"]
[Result "0-1"]
[WhiteElo "1855"]
[BlackElo "1849"]
[PlyCount "68"]
[EventDate "2011.06.11"]
[EventType "swiss"]
[EventRounds "6"]
[EventCountry "BUL"]
[SourceTitle "CBM 142 Extra"]
[Source "ChessBase"]
[SourceDate "2011.06.27"]
[SourceVersion "1"]
[SourceVersionDate "2011.06.27"]
[SourceQuality "1"]

1. e4 e6 2. d4 d5 3. Nd2 Nc6 4. Ngf3 Nf6 5. e5 Nd7 6. c3 f6 7. exf6 Nxf6 8. Bd3 Bd6 9. 0-0 0-0 10. Re1 Re8 11. Nf1 e5 12. dxe5 Nxe5 13. Nxe5 Bxe5 14. Bg5 Bd7 15. Ne3 c6 16. c4 d4 17. Bxf6 Qxf6 18. Ng4 Bxg4 19. Qxg4 Qf4 20. Qh5 g6 21. Qh3 Qf7 22. c5 Bf6 23. Rec1 Kg7 24. Bc4 Qc7 25. Re1 Re5 26. f4 Re7 27. f5 Rae8 28. Re6 Rxe6 29. fxe6 Qe5 30. b4 d3 31. Rd1 Qd4+ 32. Kh1 Qxc4 33. Qxd3 Qxd3 34. Rxd3 Rxe6 0-1

[Event "Sofia MGU op 22nd"]
[Site "Sofia"]
[Date "2011.01.16"]
[Round "4"]
[White "Sisoev, Robert"]
[Black "Nikolov, Orlin"]
[Result "1-0"]
[WhiteElo "1615"]
[BlackElo "1900"]
[PlyCount "83"]
[EventDate "2011.01.15"]
[EventType "swiss"]
[EventRounds "6"]
[EventCountry "BUL"]
[SourceTitle "CBM 140 Extra"]
[Source "ChessBase"]
[SourceDate "2011.03.01"]
[SourceVersion "1"]
[SourceVersionDate "2011.03.01"]
[SourceQuality "1"]

1. e4 e5 2. Nf3 Nc6 3. d4 exd4 4. Nxd4 Bc5 5. Nxc6 Qf6 6. Qf3 dxc6 7. Bc4 Qxf3 8. gxf3 Bh3 9. Rg1 g6 10. Bf4 0-0-0 11. Rg3 Be6 12. Bxe6+ fxe6 13. Be5 Bd4 14. Bxh8 Bxh8 15. c3 Nf6 16. Nd2 Nh5 17. Rg4 Be5 18. h4 Nf4 19. Nc4 Nd3+ 20. Kf1 Bh8 21. Rd1 b5 22. Na5 Nxb2 23. Rxd8+ Kxd8 24. Nxc6+ Kd7 25. Nxa7 c6 26. Rf4 Bxc3 27. Rf7+ Kd6 28. Rxh7 Nc4 29. Nc8+ Kc5 30. Ne7 Ne5 31. f4 Ng4 32. Nxg6 Nf6 33. Re7 Nxe4 34. Rxe6 Nd6 35. h5 Kd5 36. Re7 c5 37. Ne5 Nf5 38. Rg7 c4 39. Rg6 Bd2 40. Rf6 Ke4 41. f3+ Ke3 42. Rxf5 1-0

[Event "Sofia MGU op 22nd"]
[Site "Sofia"]
[Date "2011.01.15"]
[Round "1"]
[White "Nikolov, Orlin"]
[Black "Dimitrov, Alexander"]
[Result "0-1"]
[WhiteElo "1900"]
[BlackElo "2004"]
[PlyCount "92"]
[EventDate "2011.01.15"]
[EventType "swiss"]
[EventRounds "6"]
[EventCountry "BUL"]
[SourceTitle "CBM 140 Extra"]
[Source "ChessBase"]
[SourceDate "2011.03.01"]
[SourceVersion "1"]
[SourceVersionDate "2011.03.01"]
[SourceQuality "1"]

1. c4 Nf6 2. Nc3 g6 3. e4 d6 4. d4 Bg7 5. Be2 0-0 6. Nf3 e5 7. 0-0 Nc6 8. d5 Ne7 9. b4 a5 10. bxa5 Nd7 11. Be3 f5 12. Ng5 Nc5 13. Bxc5 dxc5 14. Bf3 Rxa5 15. Ne6 Bxe6 16. dxe6 Qc8 17. Qd7 Qxd7 18. exd7 c6 19. a4 Rd8 20. Rfd1 Kf7 21. Rab1 Ra7 22. Rb2 Ng8 23. Kf1 Nf6 24. Rbd2 Ke7 25. Ke2 Rxd7 26. Rxd7+ Nxd7 27. Rb1 Kd6 28. Kd3 Nf8 29. Bd1 Ne6 30. g3 Bf6 31. Rb6 Bd8 32. Nb5+ Kd7 33. Rxc6 bxc6 34. Nxa7 Bb6 35. Nb5 cxb5 36. axb5 Nd4 37. g4 fxg4 38. Bxg4+ Ke7 39. h4 h5 40. Bc8 Kd6 41. Bb7 Nf3 42. Bd5 Nxh4 43. Bf7 Ke7 44. Bd5 Kf6 45. Ke3 Kg5 46. Be6 Ng2+ 0-1

[Event "Sofia Baharov Memorial 18th"]
[Site "Sofia"]
[Date "2010.11.27"]
[Round "3"]
[White "Nikolov, Orlin"]
[Black "Andreev, Dobrotich"]
[Result "0-1"]
[WhiteElo "1900"]
[BlackElo "2023"]
[PlyCount "80"]
[EventDate "2010.11.25"]
[EventType "swiss"]
[EventRounds "7"]
[EventCountry "BUL"]
[SourceTitle "CBM 139 Extra"]
[Source "ChessBase"]
[SourceDate "2011.01.05"]
[SourceVersion "1"]
[SourceVersionDate "2011.01.05"]
[SourceQuality "1"]

1. e4 c6 2. d4 d5 3. exd5 cxd5 4. c4 Nf6 5. Nc3 e6 6. Nf3 Be7 7. Bd3 dxc4 8. Bxc4 Nc6 9. 0-0 0-0 10. Be3 Nd5 11. Nxd5 exd5 12. Bd3 Bg4 13. Rc1 Bd6 14. Bb1 Bh5 15. Re1 Rc8 16. Qd3 Bg6 17. Qb3 Bxb1 18. Rxb1 Na5 19. Qd3 Nc4 20. Ng5 g6 21. Bc1 Re8 22. Rf1 Qd7 23. Nf3 Re4 24. b3 Na3 25. Bxa3 Bxa3 26. Ne5 Qf5 27. b4 Rxe5 28. Qxa3 Re2 29. Qxa7 Rcc2 30. Qxb7 Rxf2 31. Qb8+ Kg7 32. Qg3 Rxg2+ 33. Qxg2 Rxg2+ 34. Kxg2 Qg4+ 35. Kf2 Qxd4+ 36. Ke2 Qc4+ 37. Ke3 d4+ 38. Kd2 Qc3+ 39. Ke2 Qe3+ 40. Kd1 Qd3+ 0-1

[Event "Sofia MGU op 12th"]
[Site "Sofia"]
[Date "2010.07.24"]
[Round "3"]
[White "Nikolov, Orlin"]
[Black "Ruschukov, Boyan"]
[Result "1-0"]
[WhiteElo "1900"]
[BlackElo "1962"]
[PlyCount "49"]
[EventDate "2010.07.24"]
[EventType "swiss"]
[EventRounds "6"]
[EventCountry "BUL"]
[SourceTitle "CBM 137 Extra"]
[Source "ChessBase"]
[SourceDate "2010.09.01"]
[SourceVersion "1"]
[SourceVersionDate "2010.09.01"]
[SourceQuality "1"]

1. e4 c5 2. Nf3 d6 3. d4 cxd4 4. Nxd4 Nf6 5. Nc3 a6 6. Bg5 e6 7. f4 Qc7 8. Qf3 Nbd7 9. 0-0-0 h6 10. Bh4 b5 11. Bd3 Bb7 12. Rhe1 Be7 13. Qg3 Nh5 14. Nxe6 Qxc3 15. bxc3 Nxg3 16. Nc7+ Kd8 17. Bxe7+ Kxe7 18. Nxa8 Rxa8 19. hxg3 Rc8 20. e5 dxe5 21. Bf5 Rc7 22. Rxd7+ Rxd7 23. Bxd7 Kxd7 24. Rxe5 Bxg2 25. Kb2 1-0

[Event "Bobotsov Memorial 2nd"]
[Site "Sofia"]
[Date "2010.05.01"]
[Round "2"]
[White "Nikolov, Orlin"]
[Black "Spassov, Liuben"]
[Result "0-1"]
[WhiteElo "1920"]
[BlackElo "2418"]
[PlyCount "116"]
[EventDate "2010.04.30"]
[EventType "swiss"]
[EventRounds "9"]
[EventCountry "BUL"]
[SourceTitle "CBM 136 Extra"]
[Source "ChessBase"]
[SourceDate "2010.07.02"]
[SourceVersion "2"]
[SourceVersionDate "2010.07.15"]
[SourceQuality "1"]

1. e4 c5 2. Nf3 e6 3. d4 cxd4 4. Nxd4 a6 5. Bd3 Bc5 6. Nb3 Be7 7. 0-0 d6 8. Nd4 Nf6 9. c4 b6 10. Nc3 0-0 11. b3 Bb7 12. Qe2 Nbd7 13. Bb2 Re8 14. Rad1 Qc7 15. Rc1 Bf8 16. Bb1 Rac8 17. Qd3 Nc5 18. Qf3 Qb8 19. Rfe1 Qa8 20. Re3 Ncd7 21. Qe2 g6 22. Re1 Bg7 23. f4 Nh5 24. Nf3 Nxf4 25. Qd2 Qb8 26. Nd1 Bxb2 27. Nxb2 Red8 28. Rf1 e5 29. Nd3 Ne6 30. Nb4 a5 31. Nd5 Bxd5 32. exd5 Nf4 33. g3 Nh5 34. Ng5 Rf8 35. Ref3 f6 36. Ne6 Rf7 37. Qh6 b5 38. Ng5 Qa7+ 39. Kh1 Rg7 40. Ne6 Re7 41. Bxg6 hxg6 42. Qxg6+ Ng7 43. Rf5 Nf8 44. Nxf8 Rxf8 45. Rh5 bxc4 46. bxc4 Qe3 47. h4 Qe2 48. Rff5 Rb7 49. Qh7+ Kf7 50. Rxf6+ Kxf6 51. Rh6+ Ke7 52. Qxg7+ Rf7 53. Re6+ Kd8 54. Qg8+ Kc7 55. Qxf7+ Kb8 56. Qf8+ Ka7 57. Qf5 e4 58. Rxe4 Rb1+ 0-1